Proyecto de Ley Orgánica de Sanidad Pública de la monarquía española / (Record no. 182476)
[ view plain ]
| 000 -LEADER | |
|---|---|
| campo de control de longitud fija | 00982nam a2200217 i 4500 |
| 001 - NÚMERO DE CONTROL | |
| campo de control | 182476 |
| 003 - IDENTIFICADOR DE NÚMERO DE CONTROL | |
| campo de control | ES-MaACL |
| 005 - FECHA Y HORA DE LA ÚLTIMA TRANSACCIÓN | |
| campo de control | 20250615063046.0 |
| 008 - DATOS DE LONGITUD FIJA--INFORMACIÓN GENERAL | |
| campo de control de longitud fija | 130821s1822 sp |||| | spa d |
| 110 1# - ENTRADA PRINCIPAL--NOMBRE DE ENTIDAD CORPORATIVA | |
| Nombre de entidad corporativa o nombre de jurisdicción como elemento de entrada | España. |
| Unidad subordinada | Cortes Generales. |
| 9 (RLIN) | 3668 |
| Término indicativo de función/relación | entidad responsable |
| 245 10 - MENCIÓN DEL TÍTULO | |
| Título | Proyecto de Ley Orgánica de Sanidad Pública de la monarquía española / |
| Mención de responsabilidad, etc. | formado por la Comisión nombrada en Real Orden de 20 de junio de 1820, con arreglo al Decreto del rey de 14 del mismo mes y año |
| 260 ## - PUBLICACIÓN, DISTRIBUCIÓN, ETC. | |
| Lugar de publicación, distribución, etc. | Madrid : |
| Nombre del editor, distribuidor, etc. | Imp. de Alban y Compañía, |
| Fecha de publicación, distribución, etc. | 1822. |
| 300 ## - DESCRIPCIÓN FÍSICA | |
| Extensión | 207, [1] p. ; |
| Dimensiones | 19 cm. |
| 530 ## - NOTA DISPONIBLE DE FORMULARIO FÍSICO ADICIONAL | |
| Nota de formato físico adicional disponible | Disponible en formato digital |
| 650 04 - PUNTO DE ACCESO ADICIONAL DE MATERIA--TÉRMINO DE MATERIA | |
| Término de materia o nombre geográfico como elemento de entrada | Salud pública- |
| Subdivisión geográfica | España. |
| 9 (RLIN) | 16974 |
| 852 ## - LOCALIZACIÓN | |
| Ubicación | ES-MaACL |
| Número de control de estantería | T-369-F-6 |
| Ubicación en estantería | Depósito folletos |
| Donativo/Legado | Donativo de la Sociedad de Escolares Médicos |
| 856 41 - LOCALIZACIÓN Y ACCESO ELECTRÓNICOS | |
| Identificador Uniforme de Recursos | <a href="http://bdh-rd.bne.es/viewer.vm?id=0000072349&page=1">http://bdh-rd.bne.es/viewer.vm?id=0000072349&page=1</a> |
| Texto de enlace | Versión en línea |
| Nota pública | (Biblioteca Digital Hispánica) |
| 942 ## - ELEMENTOS DE ENTRADA SECUNDARIOS (KOHA) | |
| Fuente del sistema de clasificación o colocación | Clasificación decimal universal |
| Tipo de ítem Koha | Folleto |
| Suprimir en OPAC | No |
| Estatus retirado | Estado de pérdida | Estado de daño | No para préstamo | Colección | Biblioteca de origen | Biblioteca actual | Ubicación en estantería | Fecha de adquisición | Fuente de adquisición | Total de préstamos | Signatura topográfica completa | Código de barras | Visto por última vez | Precio de reemplazo | Tipo de ítem Koha |
|---|---|---|---|---|---|---|---|---|---|---|---|---|---|---|---|
| Colección de folletos | Biblioteca del Ateneo de Madrid | Biblioteca del Ateneo de Madrid | Depósito folletos | 21/08/2013 | T-369-F-6 | 1191757 | 23/02/2023 | 23/02/2023 | Folleto |
